01550cam a22003974i 4500003000900000005001700009008004100026020001800067035002000085040003300105082002100138100003400159245011100193264004700304300003900351336002100390337002500411338002300436490003200459504004000491504003400531505045000565526001001015526001001025526001001035526001001045526000801055526000801063526000801071526000801079526000801087526000801095526000801103650002001111650002101131PE-LiUPU20250731173051.0180108s2017 xxu0 rb 001 0 eng d a9780830825844 a(Sirsi) a240896 aPE-LiUPUbspacPE-LiUPUerda04a270.821bT792231 aTreloar, Geoffrey R.,eautor.14aThe disruption of evangelicalism :bthe age of Torrey, Mott, Mcpherson and Hammond /cGeoffrey R. Treloar. 1aDowners Grove :bInterVarsity Press;c2017 a334 páginas ;c24 centímetros. atext2rdacontent aunmediated2rdamedia avolume2rdacarrier0 aA history of evangelicalism aBibliografía : páginas 287-319. aÍndice : páginas 321-334.0 aThe evangelical world c.1900 -- Revival, revivalism and missions -- The life of faith -- Theological narrowing and broadening -- A social gospel? -- Evangelicals at war (1914-18) -- Marching as to war -- Faith under fire -- The war within -- Evangelicalism at the crossroads (1919-c.1940) -- Modernism, liberal evangelicalism, and fundamentalism -- Remembering the Reformation -- Evangelism and missions in the modern world -- A great reversal?. aSEG42 aSEG41 aSEG40 aSEG39 aP94 aP87 aP86 aP85 aP77 aP76 aP3504aEvangelicalism.04aEvangelicalismo.